El delito de negociaciones incompatibles con el ejercicio de la función pública / (Registro nro. 6094)
[ vista simple ]
| 000 -LEADER | |
|---|---|
| fixed length control field | 01281nab a22001937a 4500 |
| 003 - CONTROL NUMBER IDENTIFIER | |
| control field | OSt |
| 005 - DATE AND TIME OF LATEST TRANSACTION | |
| control field | 20260122065708.0 |
| 008 - FIXED-LENGTH DATA ELEMENTS--GENERAL INFORMATION | |
| fixed length control field | 190502c xxu||||| |||| 00| 0 spa d |
| 040 ## - CATALOGING SOURCE | |
| Transcribing agency | PJ |
| 100 ## - MAIN ENTRY--PERSONAL NAME | |
| Personal name | Sandhagen, Alberto |
| 9 (RLIN) | 4831 |
| 245 13 - TITLE STATEMENT | |
| Title | El delito de negociaciones incompatibles con el ejercicio de la función pública / |
| Statement of responsibility, etc | Alberto Sandhagen. |
| 260 ## - PUBLICATION, DISTRIBUTION, ETC. (IMPRINT) | |
| Place of publication, distribution, etc | Ciudad Autónoma de Buenos Aires : |
| Name of publisher, distributor, etc | Thomson Reuters La Ley, |
| Date of publication, distribution, etc | 2024. |
| 300 ## - PHYSICAL DESCRIPTION | |
| Extent | p. 17-40 |
| 505 ## - FORMATTED CONTENTS NOTE | |
| Formatted contents note | Sumario: I. Introducción del presente trabajo.— II. Bien jurídico tutelado.— III. Sujetos activos del delito de negociación incompatible.— IV. La conducta sancionada por el delito del art. 265 del Cód. Penal.— V. La naturaleza del beneficio perseguido por la conducta típica.— VI. La consumación de la conducta típica.— VII. El tipo subjetivo del art. 265.— VIII. Responsabilidad de las personas jurídicas.— IX. Cuestiones relativas a las sanciones de la figura penal.— X. Consideraciones finales<br/> |
| 505 ## - FORMATTED CONTENTS NOTE | |
| Title | ¿Te interesa el texto completo? Solicitalo al correo: koha@justierradelfuego.gov.ar |
| 650 #0 - SUBJECT ADDED ENTRY--TOPICAL TERM | |
| 9 (RLIN) | 343 |
| Topical term or geographic name as entry element | DERECHO PENAL |
| 773 0# - HOST ITEM ENTRY | |
| Host Biblionumber | 2729 |
| Host Itemnumber | 3180 |
| Place, publisher, and date of publication | Buenos Aires : LexisNexis, 2006- |
| Title | Revista de derecho penal y procesal penal. Nº 10 - Octubre 2024 |
| International Standard Book Number | 9875920622 |
| 942 ## - ADDED ENTRY ELEMENTS (KOHA) | |
| Source of classification or shelving scheme | |
| Koha item type | Analítica Artículo de Revista |
No hay ítems disponibles.
